Statistics for Badly Drawn Former Countries #2

Click here to take the quiz!

General Stats

  • This quiz has been taken 352 times
    (350 since last reset)
  • The average score is 3 of 8

Answers on the Map

Answers color-coded by a green-red scale on the quiz's map according to % correct below.
 

Answer Stats

Former Country% Correct
Kingdom of Sicily
82%
Achaemenid Empire
66%
Swedish Empire
47%
Sultanate of Zanzibar
22%
Delhi Sultanate (Tughlaq Dynasty)
15%
League of Mayapan
10%
Mali Empire
10%
Nanyue
8%

Score Distribution

Percentile by Number Answered

Percent of People with Each Score

Your Score History

You have not taken this quiz since the last reset